Loading...
Fine Arts - Other Fine Arts | 0 | 4 | 0 | 0 | 40 | 92 | 114.25 | 0 | 0 |
Fine Arts - Painting & Sculpture | 0 | 4 | 0 | 0 | 40 | 74 | 129.75 | 0 | 1 |
Literature - American Literature | 0 | 3 | 0 | 0 | 30 | 107 | 125.67 | 0 | 0 |
Fine Arts - Classical Music | 0 | 4 | 3 | 0 | 25 | 65 | 86.75 | 1 | 1 |
Geography | 0 | 2 | 0 | 1 | 20 | 99 | 118.00 | 0 | 0 |
Literature - European Literature | 0 | 2 | 0 | 0 | 20 | 115 | 117.00 | 0 | 0 |
History - Other History | 0 | 1 | 0 | 0 | 10 | 132 | 132.00 | 0 | 0 |
Literature - British Literature | 0 | 1 | 0 | 0 | 10 | 100 | 100.00 | 0 | 0 |
Social Science | 0 | 1 | 0 | 0 | 10 | 89 | 89.00 | 0 | 1 |
History - European History | 0 | 1 | 0 | 0 | 10 | 141 | 141.00 | 0 | 0 |
Science - Other Science | 0 | 1 | 0 | 0 | 10 | 95 | 95.00 | 0 | 0 |
History - American History | 0 | 1 | 0 | 1 | 10 | 145 | 145.00 | 0 | 0 |
Other Academic | 0 | 1 | 0 | 1 | 10 | 119 | 119.00 | 0 | 0 |
Science - Biology | 0 | 1 | 0 | 0 | 10 | 88 | 88.00 | 0 | 0 |
Literature - World Literature | 0 | 1 | 1 | 0 | 5 | 86 | 86.00 | 0 | 0 |
History - World History | 0 | 0 | 1 | 0 | -5 | 0.00 | 0 | 0 |